00349nam a22001457a 4500003000400000005001700004008004100021020002200062040000700084082001200091100003500103245003600138260002100174300000800195OSt20210924153449.0210924b |||||||| |||| 00| 0 eng d a978-1-68095-009-0 cHU a658.827 aEDITORS BY PROF MARK HERNANDEZ aFoundations of Brand Management aUSAbDELVEc2005 a262